000 00666nam a22001697a 4500
999 _c61875
_d61875
003 Ge_BSU
005 20240531161327.0
008 240531s1957 ge ||||| |||| 00| 0 geo d
041 _ageo
080 _a61794700(092პიროგოვი) კ-43
100 _aკომახიძე, მ.
_922270
245 _aნ.ი. პიროგოვი :
_bცხოვრება და მოღვაწეობა /
_cმ. კომახიძე.
264 _aთბილისი :
_bსაქმედგამი,
_c1957.
300 _a131 გვ. :
_b12ფ. ილ. ;
_c24 სმ.
653 _aრუსი ქირურგები
942 _2udc
_cBK